LIBRARY & INFORMATION CENTRE, KCAET, TAVANUR

ONLINE PUBLIC ACCESS CATALOGUE (OPAC)

Improved design of a simplified rooftop rainwater filtering system (Record no. 15161)

MARC details
000 -LEADER
fixed length control field 00754nam a22002057a 4500
003 - CONTROL NUMBER IDENTIFIER
control field OSt
088 ## - REPORT NUMBER
Report number P 273
100 ## - MAIN ENTRY--AUTHOR NAME
Personal name HAMEEDA BINDU VAHAB
245 ## - TITLE STATEMENT
Title Improved design of a simplified rooftop rainwater filtering system
260 ## - PUBLICATION, DISTRIBUTION, ETC. (IMPRINT)
Place of publication Tavanur 2013
Name of publisher Department of Land and Water Resources & Conservation Engineering
300 ## - PHYSICAL DESCRIPTION
Number of Pages 36
500 ## - GENERAL NOTE
General note Improved design of a simplified rooftop rainwater filtering system
520 ## - SUMMARY, ETC.
Summary, etc Improved design of a simplified rooftop rainwater filtering system
700 ## - ADDED ENTRY--PERSONAL NAME
Personal name Nimmi Kuruppath
700 ## - ADDED ENTRY--PERSONAL NAME
Personal name Ruth Joseph
700 ## - ADDED ENTRY--PERSONAL NAME
Personal name Dr. Sarthian K. K (Guide)
856 ## - ELECTRONIC LOCATION AND ACCESS
Uniform Resource Identifier https://drive.google.com/open?id=16MCtvdcUxE9lQ43qpQXFiMg_wSwaD3PA
942 ## - ADDED ENTRY ELEMENTS (KOHA)
Koha item type Project Report
Holdings
Collection code Home library Current library Shelving location Full call number Accession Number Koha item type
Reference KAUAET KAUAET Reference 631.75807 HAM/IM P 273 Project Report
free website counter